[Event "Budapest-chT1 Lilienthal 1718"]
[Site "Budapest"]
[Date "2017.11.12"]
[Round "3"]
[White "Deli, Gabor"]
[Black "Mihaly, Zoltan"]
[Result "1/2-1/2"]
[WhiteElo "1843"]
[BlackElo "1793"]
[PlyCount "92"]
[EventDate "2017.10.01"]
[EventType "team-tourn"]
[EventRounds "13"]
[EventCountry "HUN"]
[SourceTitle "EXT 2021"]
[Source "ChessBase"]
[SourceDate "2020.10.23"]
[SourceVersion "1"]
[SourceVersionDate "2020.10.23"]
[SourceQuality "1"]
[WhiteTeam "SENSE"]
[BlackTeam "Palota Sakk"]
[WhiteTeamCountry "HUN"]
[BlackTeamCountry "HUN"]

1. e4 c5 2. Nf3 Nc6 3. d4 cxd4 4. Nxd4 Nf6 5. Nc3 d6 6. Be2 Qb6 7. Nxc6 bxc6 8. 0-0 g6 9. Rb1 Bg7 10. Be3 Qc7 11. Qd2 0-0 12. Bh6 Rd8 13. Bxg7 Kxg7 14. Kh1 d5 15. exd5 cxd5 16. f4 Bf5 17. Bd3 Bxd3 18. cxd3 Qa5 19. a3 Rac8 20. d4 e6 21. Qe3 Ng4 22. Qe2 h5 23. h3 Nh6 24. Qe5+ Kg8 25. Kh2 Qc7 26. Rbc1 Nf5 27. Qxc7 Rxc7 28. Ne2 Rdc8 29. Rxc7 Rxc7 30. g4 hxg4 31. hxg4 Ne3 32. Rf3 Nxg4+ 33. Kg3 Nh6 34. Rc3 Rc4 35. Rxc4 dxc4 36. Kf3 Nf5 37. Ke4 Kf8 38. Nc3 Ke7 39. d5 a6 40. dxe6 fxe6 41. Ke5 Kf7 42. Ne4 Ne3 43. Kd4 Nd5 44. Ke5 Ne3 45. Kd4 Nd5 46. Ke5 Ne3 1/2-1/2

[Event "Budapest-chT1 Lilienthal 1314"]
[Site "Budapest"]
[Date "2014.03.09"]
[Round "9"]
[White "Mihaly, Zoltan"]
[Black "Meszaros, Adam"]
[Result "1/2-1/2"]
[WhiteElo "1768"]
[BlackElo "1790"]
[PlyCount "110"]
[EventDate "2013.09.29"]
[EventType "team-tourn"]
[EventRounds "11"]
[EventCountry "HUN"]
[SourceTitle "EXT 2021"]
[Source "ChessBase"]
[SourceDate "2020.10.23"]
[SourceVersion "1"]
[SourceVersionDate "2020.10.23"]
[SourceQuality "1"]
[WhiteTeam "REAC SISE"]
[BlackTeam "SENSE"]
[WhiteTeamCountry "HUN"]
[BlackTeamCountry "HUN"]

1. c4 e6 2. d4 Nf6 3. g3 d5 4. Nc3 Bb4 5. Bg5 0-0 6. a3 Bxc3+ 7. bxc3 Nbd7 8. cxd5 exd5 9. Bg2 c6 10. Nf3 Re8 11. Bd2 Ne4 12. 0-0 Nb6 13. Ne5 f6 14. Nd3 Nc4 15. Bxe4 Rxe4 16. Re1 Bh3 17. Nc5 Re7 18. Qc2 b6 19. Nd3 Bf5 20. Qc1 Qe8 21. Qd1 Qf7 22. Nf4 g5 23. Ng2 h5 24. Ne3 Nxe3 25. Bxe3 h4 26. Qd2 Qh5 27. gxh4 Qxh4 28. Kg2 Qh3+ 29. Kh1 Rh7 30. Bf4 gxf4 31. Qxf4 Rg7 32. Rg1 Rxg1+ 33. Rxg1+ Kh8 34. Qd6 Be4+ 35. f3 Bxf3+ 36. exf3 Qxf3+ 37. Rg2 Re8 38. Qg3 Qxg3 39. Rxg3 Rg8 40. Re3 Kh7 41. Re6 Kg6 42. Rxc6 Kf5 43. Rd6 Rc8 44. Rxd5+ Ke4 45. Rd7 Rxc3 46. Rxa7 Kxd4 47. Kg2 Ke4 48. h4 Kf4 49. Ra6 Rb3 50. a4 Kg4 51. a5 Rb2+ 52. Kf1 bxa5 53. Rxf6 Kxh4 54. Rf4+ Kg3 55. Ra4 Rb5 1/2-1/2

[Event "Budapest-chT1 Lilienthal 1314"]
[Site "Budapest"]
[Date "2013.11.10"]
[Round "3"]
[White "Mihaly, Zoltan"]
[Black "Vandor, Ferenc"]
[Result "1/2-1/2"]
[WhiteElo "1768"]
[BlackElo "1952"]
[PlyCount "96"]
[EventDate "2013.09.29"]
[EventType "team-tourn"]
[EventRounds "11"]
[EventCountry "HUN"]
[SourceTitle "EXT 2021"]
[Source "ChessBase"]
[SourceDate "2020.10.23"]
[SourceVersion "1"]
[SourceVersionDate "2020.10.23"]
[SourceQuality "1"]
[WhiteTeam "REAC SISE"]
[BlackTeam "Penzugyor III"]
[WhiteTeamCountry "HUN"]
[BlackTeamCountry "HUN"]

1. c4 Nf6 2. d4 e6 3. g3 d5 4. Bg2 Bd7 5. cxd5 exd5 6. Qb3 Bc6 7. Bg5 Nbd7 8. Nc3 Be7 9. e3 h6 10. Bxf6 Nxf6 11. Nge2 Qd6 12. 0-0 0-0 13. Nf4 Rfd8 14. a3 Ne4 15. Nxe4 dxe4 16. Rfd1 Qd7 17. d5 Ba4 18. Qxb7 Bxd1 19. Rxd1 Rdb8 20. Qa6 Rb6 21. Qc4 g5 22. Nh5 Qg4 23. Rc1 Qxh5 24. Qxc7 Bd6 25. Qd7 Qg6 26. b4 f5 27. Rc6 Rxc6 28. dxc6 Rf8 29. c7 Bxc7 30. Qxc7 Qf7 31. Qc6 Qf6 32. Qc4+ Kg7 33. Bf1 Rf7 34. a4 Qd6 35. Qc3+ Kg6 36. b5 Rc7 37. Qb3 Kf6 38. Qb2+ Qe5 39. Qb4 Qc5 40. Qb2+ Qc3 41. Qb1 Ke5 42. b6 axb6 43. Qxb6 Qc6 44. Qd4+ Ke6 45. Bb5 Qd6 46. Bc4+ Ke7 47. Qg7+ Kd8 48. Qg8+ Ke7 1/2-1/2

[Event "Budapest FS06 FM-B"]
[Site "Budapest"]
[Date "2013.06.11"]
[Round "11"]
[White "Mihaly, Zoltan"]
[Black "Marcu, Simon"]
[Result "0-1"]
[WhiteElo "1798"]
[BlackElo "1879"]
[PlyCount "60"]
[EventDate "2013.06.01"]
[EventType "tourn"]
[EventRounds "11"]
[EventCountry "HUN"]
[SourceTitle "CBM 154 Extra"]
[Source "ChessBase"]
[SourceDate "2013.06.25"]
[SourceVersion "2"]
[SourceVersionDate "2013.06.25"]
[SourceQuality "1"]

1. c4 e5 2. g3 c6 3. Nf3 d6 4. Nc3 f5 5. d3 Be7 6. Bg2 Nf6 7. Qb3 Na6 8. 0-0 Qc7 9. Ng5 h6 10. Nf3 g5 11. e3 Bd7 12. Bd2 0-0-0 13. Qc2 Nh5 14. a3 f4 15. Ne2 g4 16. exf4 exf4 17. Nxf4 Nxf4 18. Bxf4 gxf3 19. Bxf3 Bg5 20. Bxg5 hxg5 21. Qd2 Rdg8 22. Rfe1 Nc5 23. Qe3 Bf5 24. d4 Nd3 25. Re2 Qh7 26. g4 Qxh2+ 27. Kf1 Qh3+ 28. Kg1 Nf4 29. gxf5 Qh2+ 30. Kf1 Qh1+ 0-1

[Event "Budapest FS06 FM-B"]
[Site "Budapest"]
[Date "2013.06.09"]
[Round "9"]
[White "Mihaly, Zoltan"]
[Black "Szabo, Miklos Istvan"]
[Result "1-0"]
[WhiteElo "1798"]
[BlackElo "1322"]
[PlyCount "63"]
[EventDate "2013.06.01"]
[EventType "tourn"]
[EventRounds "11"]
[EventCountry "HUN"]
[SourceTitle "CBM 154 Extra"]
[Source "ChessBase"]
[SourceDate "2013.06.25"]
[SourceVersion "2"]
[SourceVersionDate "2013.06.25"]
[SourceQuality "1"]

1. c4 c5 2. g3 Nf6 3. Bg2 g6 4. Nc3 Bg7 5. e3 Nc6 6. Nge2 0-0 7. 0-0 e6 8. Nf4 Ne7 9. d4 cxd4 10. exd4 d5 11. c5 a6 12. a4 Bd7 13. Qb3 Bc6 14. Qc2 b5 15. axb5 axb5 16. Rxa8 Qxa8 17. b4 Nd7 18. Nce2 Qb7 19. Bb2 Ra8 20. Ra1 e5 21. dxe5 Rxa1+ 22. Bxa1 Bxe5 23. Bd4 Qa8 24. Qb2 Bxd4 25. Nxd4 Kf8 26. Bh3 Qb7 27. Nxc6 Qxc6 28. Qh8+ Ng8 29. Qxh7 Ne5 30. Bg2 Nf6 31. Qh8+ Ke7 32. Nxd5+ 1-0

[Event "Budapest FS06 FM-B"]
[Site "Budapest"]
[Date "2013.06.07"]
[Round "7"]
[White "Mihaly, Zoltan"]
[Black "Schmidt, Wolfgang"]
[Result "1-0"]
[WhiteElo "1798"]
[BlackElo "1450"]
[PlyCount "81"]
[EventDate "2013.06.01"]
[EventType "tourn"]
[EventRounds "11"]
[EventCountry "HUN"]
[SourceTitle "CBM 154 Extra"]
[Source "ChessBase"]
[SourceDate "2013.06.25"]
[SourceVersion "2"]
[SourceVersionDate "2013.06.25"]
[SourceQuality "1"]

1. c4 Nf6 2. g3 g6 3. Bg2 Bg7 4. Nc3 d6 5. d4 0-0 6. e3 Nbd7 7. Nge2 e5 8. 0-0 Re8 9. Qc2 Ng4 10. b3 Rb8 11. Bb2 b6 12. Bh3 Qg5 13. Nb5 Qh5 14. Bxg4 Qxg4 15. Nxc7 Re7 16. Nb5 Re6 17. Nxa7 f5 18. Nc6 Ra8 19. Kg2 h5 20. h3 Qg5 21. d5 Re8 22. f4 Qf6 23. Rae1 Qf7 24. a4 Bb7 25. Nb4 Nc5 26. Nd3 Bxd5+ 27. Kg1 Be4 28. Nec1 h4 29. Qd2 hxg3 30. Nxc5 dxc5 31. fxe5 Rad8 32. Qe2 Qe7 33. Rf4 Bxe5 34. Bxe5 Qxe5 35. Rd1 Rxd1+ 36. Qxd1 Kg7 37. Rh4 Qb2 38. Ne2 Re7 39. Rf4 Qf6 40. Nxg3 g5 41. Nh5+ 1-0

[Event "Budapest FS06 FM-B"]
[Site "Budapest"]
[Date "2013.06.04"]
[Round "4"]
[White "Csiba, Tibor"]
[Black "Mihaly, Zoltan"]
[Result "0-1"]
[WhiteElo "1587"]
[BlackElo "1798"]
[PlyCount "112"]
[EventDate "2013.06.01"]
[EventType "tourn"]
[EventRounds "11"]
[EventCountry "HUN"]
[SourceTitle "CBM 154 Extra"]
[Source "ChessBase"]
[SourceDate "2013.06.25"]
[SourceVersion "2"]
[SourceVersionDate "2013.06.25"]
[SourceQuality "1"]

1. d4 d5 2. c4 c6 3. cxd5 cxd5 4. Bf4 Nf6 5. e3 Nc6 6. Nc3 a6 7. Nf3 Nh5 8. Bg3 Nxg3 9. hxg3 e6 10. Bd3 h6 11. 0-0 Bd7 12. Re1 Qb6 13. Rb1 Be7 14. b4 Qc7 15. a3 Nxb4 16. Rc1 Nxd3 17. Qxd3 Bc6 18. Na2 Qa5 19. Rc3 0-0 20. Ne5 Bb5 21. Qc2 Bd6 22. Nc1 Bxa3 23. Nb3 Qd8 24. Ra1 Bb4 25. Rc7 Rc8 26. Rxc8 Qxc8 27. Rc1 Qxc2 28. Rxc2 Ba4 29. Rb2 Bxb3 30. Rxb3 a5 31. Nd3 Rb8 32. Nxb4 axb4 33. Rxb4 Kf8 34. Kf1 Ke7 35. Ke2 Kd6 36. Kd3 b5 37. Kc2 Kc6 38. Rb2 Kb6 39. Kb3 Rc8 40. Rb1 Rc4 41. Ra1 e5 42. dxe5 Re4 43. Rd1 Rxe5 44. Rd4 Kc6 45. Kb4 Re4 46. Rxe4 dxe4 47. f4 f5 48. Kb3 Kc5 49. Kc3 b4+ 50. Kb3 Kb5 51. Kc2 Kc4 52. Kb2 b3 53. g4 fxg4 54. g3 Kd3 55. Kxb3 Kxe3 56. Kc3 Kf2 0-1

[Event "Budapest FS06 FM-B"]
[Site "Budapest"]
[Date "2013.06.03"]
[Round "3"]
[White "Lukacs, Albert"]
[Black "Mihaly, Zoltan"]
[Result "0-1"]
[WhiteElo "1917"]
[BlackElo "1798"]
[PlyCount "64"]
[EventDate "2013.06.01"]
[EventType "tourn"]
[EventRounds "11"]
[EventCountry "HUN"]
[SourceTitle "CBM 154 Extra"]
[Source "ChessBase"]
[SourceDate "2013.06.25"]
[SourceVersion "2"]
[SourceVersionDate "2013.06.25"]
[SourceQuality "1"]

1. e4 c5 2. Nf3 g6 3. Bc4 Nc6 4. 0-0 Bg7 5. Re1 d6 6. Nc3 Nf6 7. d3 a6 8. Bg5 0-0 9. h3 b5 10. Bb3 Na5 11. e5 Nxb3 12. axb3 b4 13. Na4 Nd5 14. d4 cxd4 15. Nxd4 Bb7 16. Nf3 Rc8 17. exd6 Qd7 18. dxe7 Rfe8 19. c4 bxc3 20. Nxc3 Rxc3 21. bxc3 Bxc3 22. Re2 Bxa1 23. Qxa1 Qf5 24. Qa4 Nc7 25. Bf4 Nb5 26. Re5 Qd7 27. Bg5 Qd1+ 28. Re1 Qd6 29. Qc4 Bd5 30. Qh4 Bxf3 31. gxf3 Nd4 32. Rd1 Nxf3+ 0-1

[Event "Budapest FS06 FM-B"]
[Site "Budapest"]
[Date "2013.06.01"]
[Round "1"]
[White "Mayer, Istvan"]
[Black "Mihaly, Zoltan"]
[Result "1-0"]
[WhiteElo "2060"]
[BlackElo "1798"]
[PlyCount "70"]
[EventDate "2013.06.01"]
[EventType "tourn"]
[EventRounds "11"]
[EventCountry "HUN"]
[SourceTitle "CBM 154 Extra"]
[Source "ChessBase"]
[SourceDate "2013.06.25"]
[SourceVersion "2"]
[SourceVersionDate "2013.06.25"]
[SourceQuality "1"]

1. e4 c5 2. Nf3 g6 3. d4 cxd4 4. Qxd4 Nf6 5. Nc3 Bg7 6. e5 Nc6 7. Qa4 Ng8 8. Bf4 Qa5 9. Qxa5 Nxa5 10. Nb5 Kf8 11. 0-0-0 a6 12. Nc7 Rb8 13. e6 d6 14. exf7 Kxf7 15. Ng5+ Kf8 16. Nce6+ Bxe6 17. Nxe6+ Kf7 18. Nxg7 Kxg7 19. Bd2 Nc6 20. Bc3+ Nf6 21. g4 g5 22. Bg2 Kg6 23. h4 h6 24. h5+ Kf7 25. Bd5+ Kg7 26. Rhe1 Rhe8 27. Re6 Ne5 28. f3 Nxd5 29. Rxd5 Kf7 30. Rxh6 Rh8 31. Rxh8 Rxh8 32. Bxe5 dxe5 33. Rxe5 Kf6 34. Rf5+ Ke6 35. Rxg5 Rh6 1-0

[Event "Budapest-chT1 Lilienthal 1213"]
[Site "Budapest"]
[Date "2013.04.14"]
[Round "10"]
[White "Felmery, Mate"]
[Black "Mihaly, Zoltan"]
[Result "1-0"]
[WhiteElo "1938"]
[BlackElo "1788"]
[PlyCount "49"]
[EventDate "2012.09.30"]
[EventType "team-tourn"]
[EventRounds "11"]
[EventCountry "HUN"]
[SourceTitle "EXT 2019"]
[Source "ChessBase"]
[SourceDate "2018.10.10"]
[SourceVersion "1"]
[SourceVersionDate "2018.10.10"]
[SourceQuality "1"]
[WhiteTeam "Budapest Vasas II"]
[BlackTeam "Budapest REAC SISE"]
[WhiteTeamCountry "HUN"]
[BlackTeamCountry "HUN"]

1. e4 c5 2. d4 cxd4 3. c3 dxc3 4. Nxc3 Nc6 5. Nf3 d6 6. Bc4 e6 7. 0-0 Nf6 8. Qe2 Be7 9. Rd1 Qa5 10. Nb5 0-0 11. Nxd6 Ne5 12. Nxe5 Qxe5 13. f4 Qh5 14. Qxh5 Nxh5 15. e5 g6 16. g4 Ng7 17. Be3 b6 18. Rac1 Rb8 19. Bf1 Rd8 20. Nxc8 Rxd1 21. Nxe7+ Kf8 22. Rxd1 Kxe7 23. Bb5 Rb7 24. Bf2 Rc7 25. Bh4+ 1-0

[Event "Budapest Spring op 29th"]
[Site "Budapest"]
[Date "2013.03.25"]
[Round "7"]
[White "Allahverdi, Maryam"]
[Black "Mihaly, Zoltan"]
[Result "1/2-1/2"]
[WhiteElo "1807"]
[BlackElo "1803"]
[PlyCount "98"]
[EventDate "2013.03.18"]
[EventType "swiss"]
[EventRounds "9"]
[EventCountry "HUN"]
[SourceTitle "CBM 153 Extra"]
[Source "ChessBase"]
[SourceDate "2013.04.22"]
[SourceVersion "1"]
[SourceVersionDate "2013.04.22"]
[SourceQuality "1"]

1. e4 c5 2. Nf3 g6 3. d4 cxd4 4. Nxd4 Bg7 5. Nc3 Nc6 6. Be3 Nf6 7. f4 Qa5 8. Qd2 Ng4 9. Nb3 Bxc3 10. Nxa5 Bxd2+ 11. Bxd2 Nd4 12. Bd3 Nc6 13. Nc4 d6 14. h3 Nf6 15. Bc3 0-0 16. Nxd6 Nh5 17. Nxc8 Raxc8 18. Rf1 Ng7 19. 0-0-0 Ne6 20. Be2 Nc5 21. Bf3 Na4 22. Be1 Nb6 23. b3 Rfd8 24. Bc3 Kf8 25. Rxd8+ Rxd8 26. Rd1 Ke8 27. g4 Nd7 28. e5 Nc5 29. Bxc6+ bxc6 30. Rxd8+ Kxd8 31. Bd4 Ne4 32. b4 a6 33. c4 Kd7 34. Kc2 f5 35. gxf5 gxf5 36. Kd3 e6 37. a4 Kc7 38. b5 c5 39. Be3 Kb6 40. h4 h5 41. Bd2 axb5 42. axb5 Nf2+ 43. Kc2 Ng4 44. Kb3 Nh2 45. Ka4 Nf3 46. Ba5+ Kb7 47. Bd8 Nd2 48. Be7 Kb6 49. Bd8+ Kb7 1/2-1/2

[Event "Budapest Spring op 29th"]
[Site "Budapest"]
[Date "2013.03.19"]
[Round "2"]
[White "Marjanovic, Annamaria"]
[Black "Mihaly, Zoltan"]
[Result "1-0"]
[WhiteElo "1921"]
[BlackElo "1803"]
[PlyCount "126"]
[EventDate "2013.03.18"]
[EventType "swiss"]
[EventRounds "9"]
[EventCountry "HUN"]
[SourceTitle "CBM 153 Extra"]
[Source "ChessBase"]
[SourceDate "2013.04.22"]
[SourceVersion "1"]
[SourceVersionDate "2013.04.22"]
[SourceQuality "1"]

1. e4 c6 2. d4 d5 3. Nc3 dxe4 4. Nxe4 Bf5 5. Ng3 Bg6 6. h4 h6 7. Nf3 Nd7 8. h5 Bh7 9. Bd3 Bxd3 10. Qxd3 e6 11. Bd2 Ngf6 12. 0-0-0 Qc7 13. Ne4 0-0-0 14. g3 Nxe4 15. Qxe4 Nf6 16. Qe2 Bd6 17. c4 c5 18. Bc3 cxd4 19. Nxd4 a6 20. Kb1 Rd7 21. Nb3 Be7 22. c5 Rhd8 23. Rc1 Qc6 24. Na5 Qb5 25. Qxb5 axb5 26. c6 Rd5 27. cxb7+ Kb8 28. Nc6+ Kxb7 29. Nxe7 R5d7 30. Bxf6 gxf6 31. Nc6 Re8 32. Na5+ Kb6 33. b4 Rg8 34. Rhd1 Rxd1 35. Rxd1 Rg4 36. a3 Rg5 37. Rh1 Rf5 38. Rh2 Rf3 39. Kb2 f5 40. Nb3 e5 41. Nd2 Rd3 42. f3 f6 43. Rf2 Kc6 44. Nb1 Rd1 45. g4 Rd4 46. Nc3 Rf4 47. Ne2 Rc4 48. gxf5 Rh4 49. Ng3 Kd5 50. Rd2+ Kc6 51. Kc3 Rf4 52. Rf2 Kd5 53. Rd2+ Kc6 54. Rd3 Rh4 55. Ne4 Rxh5 56. Rd6+ Kc7 57. Rxf6 Rh3 58. Nd2 e4 59. Nxe4 Rxf3+ 60. Kd4 h5 61. Nc3 Rf4+ 62. Ke5 Rc4 63. Nxb5+ Kb7 1-0

[Event "Budapest-chT1 Lilienthal 1213"]
[Site "Budapest"]
[Date "2012.10.14"]
[Round "2"]
[White "Ruck, Robert1111"]
[Black "Mihaly, Zoltan"]
[Result "1-0"]
[WhiteElo "1985"]
[BlackElo "1788"]
[PlyCount "61"]
[EventDate "2012.09.30"]
[EventType "team-tourn"]
[EventRounds "11"]
[EventCountry "HUN"]
[SourceTitle "EXT 2019"]
[Source "ChessBase"]
[SourceDate "2018.10.10"]
[SourceVersion "1"]
[SourceVersionDate "2018.10.10"]
[SourceQuality "1"]
[WhiteTeam "Sarkany II"]
[BlackTeam "Budapest REAC SISE"]
[WhiteTeamCountry "HUN"]
[BlackTeamCountry "HUN"]

1. e4 c5 2. Nf3 g6 3. d4 cxd4 4. Qxd4 Nf6 5. e5 Nc6 6. Qa4 Nd5 7. Qb3 e6 8. c4 Nb6 9. Nc3 d5 10. cxd5 Nxd5 11. Bb5 Nxc3 12. Qxc3 Bd7 13. 0-0 Bb4 14. Qb3 Bc5 15. Bg5 Be7 16. Be3 Qa5 17. Rfd1 0-0-0 18. Rac1 Qb4 19. Qxb4 Bxb4 20. Bxa7 Kc7 21. Be3 Ra8 22. a3 Be7 23. Nd4 Rac8 24. b4 Kb8 25. Nf3 Kc7 26. Nd4 Kb8 27. Nb3 Be8 28. Bb6 Nd8 29. Bxe8 Rxe8 30. Ba7+ Kxa7 31. Rxc8 1-0

[Event "Budapest op 08"]
[Site "Budapest"]
[Date "2012.08.26"]
[Round "9"]
[White "Bellan, Istvan"]
[Black "Mihaly, Zoltan"]
[Result "0-1"]
[WhiteElo "1938"]
[BlackElo "1756"]
[PlyCount "87"]
[EventDate "2012.08.18"]
[EventType "swiss"]
[EventRounds "9"]
[EventCountry "HUN"]
[SourceTitle "EXT 2014"]
[Source "ChessBase"]
[SourceDate "2013.11.20"]
[SourceVersion "1"]
[SourceVersionDate "2013.11.20"]
[SourceQuality "1"]

1. d4 d5 2. c4 c6 3. Nf3 g6 4. Bf4 Bg7 5. e3 c5 6. cxd5 cxd4 7. Qb3 Qa5+ 8. Nbd2 dxe3 9. Bxe3 Nf6 10. Bc4 0-0 11. 0-0 Nbd7 12. Nd4 Nc5 13. Qc2 Qd8 14. Nb5 Bf5 15. Qd1 Nd3 16. Bd4 a6 17. Nf3 Nb4 18. Nc3 Rc8 19. Bb3 a5 20. a3 Nd3 21. Qd2 Nc5 22. Bxc5 Rxc5 23. Qe3 Nd7 24. Rac1 Bg4 25. Nd4 Rc8 26. h3 Bxd4 27. Qxd4 Nc5 28. Bc2 Bd7 29. b4 axb4 30. axb4 Na6 31. Bb3 Rc7 32. Ne4 Bb5 33. Rfe1 Qd7 34. Rxc7 Qxc7 35. d6 Qd7 36. Qd5 Bc6 37. dxe7 Qxe7 38. Qd4 Bxe4 39. Rxe4 Qg5 40. f4 Qd8 41. Qe5 Qb6+ 42. Kh1 Nxb4 43. Bc4 Nc6 44. Qf6 0-1

[Event "Budapest op 08"]
[Site "Budapest"]
[Date "2012.08.19"]
[Round "2"]
[White "Mihaly, Zoltan"]
[Black "Bodrogi, Laszlo"]
[Result "1/2-1/2"]
[WhiteElo "1756"]
[BlackElo "2043"]
[PlyCount "141"]
[EventDate "2012.08.18"]
[EventType "swiss"]
[EventRounds "9"]
[EventCountry "HUN"]
[SourceTitle "EXT 2014"]
[Source "ChessBase"]
[SourceDate "2013.11.20"]
[SourceVersion "1"]
[SourceVersionDate "2013.11.20"]
[SourceQuality "1"]

1. c4 e5 2. Nc3 Nf6 3. g3 Nc6 4. Bg2 Bb4 5. Nf3 0-0 6. 0-0 Bxc3 7. bxc3 e4 8. Nd4 Ne5 9. c5 Qe7 10. a4 d6 11. cxd6 cxd6 12. Qc2 Nc6 13. Nb5 Bf5 14. Re1 a6 15. Na3 d5 16. Bb2 Rfe8 17. Kf1 Qd7 18. Kg1 Rac8 19. Qb3 Ne5 20. Nc2 Nc4 21. Bc1 Bh3 22. Bh1 Qc7 23. Nd4 Nh5 24. Qd1 f5 25. d3 Ne5 26. Bd2 Qf7 27. dxe4 fxe4 28. f4 Rf8 29. Bg2 Bxg2 30. Kxg2 Ng4 31. e3 Nhf6 32. Nf5 Qd7 33. Nd4 Nh6 34. h3 Nf7 35. Qb3 Nd6 36. Rf1 Nc4 37. Ra2 Rc7 38. Rf2 Rfc8 39. Rc2 g6 40. g4 Qd6 41. Qb4 Nd7 42. Qxd6 Nxd6 43. f5 Ne5 44. fxg6 hxg6 45. Rf6 Ndc4 46. Re6 Rf7 47. Bc1 Rcf8 48. Ra2 Nd3 49. Ba3 Rf2+ 50. Rxf2 Rxf2+ 51. Kg3 Nxa3 52. Rxg6+ Kh7 53. Rd6 Rf7 54. Rxd5 Nc4 55. Ne6 Rf3+ 56. Kh4 Kg6 57. Ng5 Rxe3 58. Nxe4 Rxh3+ 59. Kxh3 Nf4+ 60. Kg3 Nxd5 61. Nc5 Na5 62. c4 Nb6 63. Kf4 Nbxc4 64. Ke4 Nd2+ 65. Kd5 Nab3 66. Nxb7 Kg5 67. Kc6 Nc4 68. Nc5 Nca5+ 69. Kb6 Nxc5 70. Kxc5 Nb3+ 71. Kb4 1/2-1/2